000 00545nam a22001937a 4500
010 _a009456
035 _a009456
037 _bCen Lib / Ret
040 _aDPL
_bEN
082 _a954.51
_bBAR
100 _aBarua, B. K.
245 _aCultural history of Assam :
_bearly period /
_cby B. K. Barua
260 _aAssam
_bLawyer's Book Stall
_c1951
270 _aLawyer's Book Stall
300 _a(v 1. 223)
_b24cm(Hb)
650 _aAssam (India) -- History.
650 _aIndia -- Assam.
942 _2ddc
_cEN
_h954.51
_mBAR
999 _c136715
_d136715